000 00417nam a2200157Ia 4500
008 210716s2006 xx 000 0 und d
020 _a9780131865137
041 _aeng
082 _a658.56 HEIJ
100 _aHeizer, Jay;Render, Barry.
245 _aPrinciples of operations management.
250 _a1
260 _aNew Jersey
_bPrentice Hall
_c2006
300 _axxxv,671,115
650 _aOperations Management
999 _c203081
_d203081